De las divisiones
Na minha lista:
| Autor principal: | |
|---|---|
| Formato: | Livro |
| Idioma: | espanhol latim |
| Publicado em: |
Madrid, España.
Encuentro.
2008
|
| Colecção: | Opuscula Philosophica.
29 |
| Assuntos: | |
| Tags: |
Adicionar Tag
Sem tags, seja o primeiro a adicionar uma tag!
|
MARC
| LEADER | 00000nam a2200000 a 4500 | ||
|---|---|---|---|
| 001 | UCI9393 | ||
| 003 | CL-VaPUC | ||
| 005 | 20210528001932.0 | ||
| 008 | 081113e20080000SP |||||||||||||||||spa|d | ||
| 999 | |c 331939 |d 331937 | ||
| 020 | |a 9788474909265 | ||
| 040 | |c Pontificia Universidad Católica de Valparaíso | ||
| 041 | 0 | 7 | |a spa |2 CL-VaPUC |
| 041 | 0 | 7 | |a lat |2 CL-VaPUC |
| 082 | 0 | 4 | |a 110 BOE 2008 |2 21 |
| 100 | 0 | |a Boecio, Anicio Manlio |9 533123 | |
| 245 | 1 | 0 | |a De las divisiones |
| 246 | 1 | 0 | |a De divisionibus |
| 260 | 0 | 3 | |a Madrid, España. |b Encuentro. |c 2008 |
| 300 | |a 80 páginas | ||
| 490 | 0 | |a Opuscula Philosophica. |v 29 | |
| 500 | |a Edición bilingüe de Juan José García Norro y Rogelio Rovira | ||
| 583 | |a last modification |c 20081113 00:00:00 |k Rodrigo Vera | ||
| 650 | 0 | |a Metafísica |9 265649 | |
| 650 | 0 | |a Filosofía medieval |9 256245 | |
| 650 | 0 | |a Ontología |9 256850 | |
| 942 | |c BK |2 ddc | ||
| 945 | |d 20081113 00:00:00 |a cmena | ||
| 952 | |0 0 |1 0 |2 ddc |4 0 |6 110_000000000000000_BOE_2008 |7 0 |8 A |9 419182 |a BIBEDU |b BIBEDU |d 2019-11-22 |i 4496930 |o 110 BOE 2008 |p 4496930 |r 2019-11-22 |t 1 |w 2019-11-22 |y BK |k FIL | ||